[Event "Plzen, FSB A"]
[Site "?"]
[Date "2000.??.??"]
[Round "3"]
[White "Polak, B."]
[Black "Trmota, Z."]
[Result "0-1"]
[WhiteElo "2005"]
[BlackElo "2240"]
[PlyCount "142"]
[EventDate "2000.??.??"]
[Source "ChessBase"]
[SourceDate "1996.11.15"]

1. e4 e6 2. Qe2 c5 3. f4 Nc6 4. Nf3 Nf6 5. c3 d5 6. e5 Ng8 7. g3 c4 8. d4 cxd3
9. Qxd3 Qb6 10. Qb5 Qxb5 11. Bxb5 Bd7 12. Bd3 Bc5 13. Nbd2 Nge7 14. Nb3 Bb6 15.
Kf1 f6 16. Kg2 fxe5 17. fxe5 O-O 18. Bf4 h6 19. h4 Nf5 20. Rhe1 Rac8 21. Rad1
a5 22. Bxf5 Rxf5 23. Nbd4 Nxd4 24. Nxd4 Rff8 25. Rd2 Rc4 26. Red1 Ba7 27. Nf3
b5 28. Rd3 Ra4 29. a3 Bc5 30. Nd4 b4 31. axb4 axb4 32. Be3 Ra2 33. R1d2 Rb8 34.
Nf3 Bxe3 35. Rxe3 bxc3 36. bxc3 Ra4 37. Nd4 Rc8 38. Kh3 Rac4 39. Rdd3 Kf7 40.
Kg2 Ke7 41. Kf3 Be8 42. Ne2 Bg6 43. Rd4 Be4+ 44. Kf2 R4c7 45. g4 g6 46. Kg3 h5
47. g5 Bf5 48. Ra4 Bg4 49. Nf4 Kf7 50. Ra3 Rb8 51. Nd3 Rb1 52. Nb4 Kg7 53. Ra6
Rc1 54. Rc6 Rf7 55. Rd6 Rh1 56. Kg2 Rhf1 57. Nc6 R1f4 58. Nd8 Re7 59. Nc6 Re8
60. Rd7+ Rf7 61. Rxf7+ Kxf7 62. Nd4 Rc8 63. Kg3 Rc4 64. Kf4 Ke7 65. Rd3 Kd7 66.
Re3 Kc7 67. Rd3 Kb6 68. Ke3 Ra4 69. Kf4 Ra1 70. Kg3 Re1 71. Kf4 Re4+ 0-1

[Event "Plzen, FSB A"]
[Site "?"]
[Date "2000.??.??"]
[Round "3"]
[White "Bujak, M."]
[Black "Pecka, F."]
[Result "1-0"]
[WhiteElo "1990"]
[BlackElo "2225"]
[PlyCount "49"]
[EventDate "2000.??.??"]
[Source "ChessBase"]
[SourceDate "1996.11.15"]

1. e4 e6 2. d4 d5 3. e5 c5 4. Qg4 cxd4 5. Nf3 Nc6 6. Bd3 Qc7 7. Bf4 f6 8. O-O
fxe5 9. Nxe5 Nf6 10. Qg5 Bd6 11. Re1 O-O 12. Nd2 Ne4 13. Bxe4 dxe4 14. Nxc6
Bxf4 15. Ne7+ Kh8 16. Qh4 g5 17. Ng6+ Kg7 18. Qg4 e5 19. Qe2 Bxd2 20. Nxf8 e3
21. Rf1 Bf5 22. g4 Bxc2 23. Ne6+ Kg6 24. Nxc7 Be4 25. Nxa8 1-0

[Event "Plzen, FSB A"]
[Site "?"]
[Date "2000.??.??"]
[Round "3"]
[White "Gschwendtner, S."]
[Black "Hercik, J."]
[Result "1-0"]
[WhiteElo "2185"]
[BlackElo "1950"]
[PlyCount "67"]
[EventDate "2000.??.??"]
[Source "ChessBase"]
[SourceDate "1996.11.15"]

1. c4 c6 2. Nf3 e6 3. g3 d5 4. b3 Nf6 5. Bg2 Bd6 6. Bb2 Nbd7 7. O-O b5 8. d3
Rb8 9. Nbd2 Ba6 10. Nd4 Qb6 11. Rc1 bxc4 12. dxc4 c5 13. cxd5 exd5 14. Nf5 O-O
15. Bxd5 Rfe8 16. Nc4 Bxc4 17. Bxc4 Be5 18. Qc2 Bxb2 19. Qxb2 Re5 20. Qc2 Qc7
21. f4 Re4 22. Bd3 Re6 23. e4 Qb6 24. Qc4 Qa5 25. e5 Ng4 26. Be2 Nh6 27. Nxh6+
Rxh6 28. Rc2 Rb4 29. Qc3 Qb6 30. Bc4 Qg6 31. Qd3 Qg4 32. e6 Nf8 33. exf7+ Kh8
34. Qd8 1-0

[Event "Plzen, FSB A"]
[Site "?"]
[Date "2000.??.??"]
[Round "3"]
[White "Chalupecky, V."]
[Black "Postupa, P."]
[Result "1-0"]
[WhiteElo "1970"]
[BlackElo "2165"]
[PlyCount "71"]
[EventDate "2000.??.??"]
[Source "ChessBase"]
[SourceDate "1996.11.15"]

1. e4 e5 2. Nf3 Nc6 3. d4 exd4 4. Nxd4 Nf6 5. Nxc6 bxc6 6. Bd3 d6 7. O-O Be7 8.
b3 Nd7 9. Bb2 Bf6 10. c3 O-O 11. f4 Re8 12. Nd2 Nc5 13. Bc2 g6 14. Qf3 Bg7 15.
Rae1 Nd7 16. Nc4 Ba6 17. Rf2 Rb8 18. Ne3 Bb7 19. Ng4 f5 20. Ne3 c5 21. Nf1 Nf6
22. Nd2 d5 23. e5 d4 24. Qd3 Ng4 25. Rfe2 Bh6 26. Qg3 Ba6 27. c4 Bg7 28. h3 Nh6
29. Bd3 Re6 30. Nf3 Nf7 31. Ba3 Rc6 32. e6 Nd6 33. Ne5 Bxe5 34. fxe5 Ne8 35.
Bxf5 Ng7 36. Be4 1-0

[Event "Plzen, FSB A"]
[Site "?"]
[Date "2000.??.??"]
[Round "3"]
[White "Hallerova, E."]
[Black "Priborsky, J."]
[Result "1/2-1/2"]
[WhiteElo "2150"]
[BlackElo "1940"]
[PlyCount "71"]
[EventDate "2000.??.??"]
[Source "ChessBase"]
[SourceDate "1996.11.15"]

1. d4 Nf6 2. Nf3 g6 3. g3 Bg7 4. Bg2 O-O 5. O-O d5 6. c4 c6 7. Nc3 dxc4 8. a4
a5 9. e4 Bg4 10. Be3 Nbd7 11. h3 Bxf3 12. Bxf3 e6 13. Qe2 Nb6 14. Rad1 Qc7 15.
Bf4 Qe7 16. h4 h5 17. Qe3 Qb4 18. Bh6 Nxa4 19. Bxg7 Kxg7 20. e5 Nd5 21. Nxd5
cxd5 22. Bxh5 Qe7 23. Be2 Nxb2 24. Rb1 Na4 25. Bd1 Qd7 26. h5 b5 27. Kg2 Rh8
28. hxg6 fxg6 29. Bc2 Rab8 30. Rh1 Rbf8 31. Rxh8 Rxh8 32. Qg5 Nc3 33. Qxg6+ Kf8
34. Qf6+ Kg8 35. Qg6+ Kf8 36. Qf6+ 1/2-1/2

[Event "Plzen, FSB A"]
[Site "?"]
[Date "2000.??.??"]
[Round "3"]
[White "Schwarz, M."]
[Black "Stehlik, J."]
[Result "1/2-1/2"]
[WhiteElo "1965"]
[BlackElo "2105"]
[PlyCount "26"]
[EventDate "2000.??.??"]
[Source "ChessBase"]
[SourceDate "1996.11.15"]

1. c4 e5 2. g3 Nf6 3. Bg2 Nc6 4. Nc3 Bc5 5. e3 a6 6. Nge2 d6 7. O-O O-O 8. a3
Ba7 9. d4 exd4 10. Nxd4 Nxd4 11. exd4 Bg4 12. Qd3 Rb8 13. Re1 h6 1/2-1/2

[Event "Plzen, FSB A"]
[Site "?"]
[Date "2000.??.??"]
[Round "3"]
[White "Kafka, L."]
[Black "Bujnoch, R."]
[Result "0-1"]
[WhiteElo "1925"]
[BlackElo "2100"]
[PlyCount "64"]
[EventDate "2000.??.??"]
[Source "ChessBase"]
[SourceDate "1996.11.15"]

1. e4 c5 2. Nf3 d6 3. d4 cxd4 4. Nxd4 Nf6 5. Nc3 a6 6. Be2 e6 7. O-O Be7 8. f4
Nbd7 9. Be3 Qc7 10. Bf3 Nb6 11. Qe1 Nc4 12. Bc1 Bd7 13. Kh1 Rc8 14. a4 O-O 15.
g4 Qb6 16. Qf2 d5 17. a5 Nxa5 18. Nf5 Bc5 19. Ne7+ Kh8 20. Nxc8 Rxc8 21. Qh4
dxe4 22. Nxe4 Nxe4 23. Bxe4 f5 24. Bf3 Bb5 25. Re1 Bf2 26. Rxe6 Qxe6 27. Qxf2
fxg4 28. Bg2 Rxc2 29. Bd2 Nb3 30. Re1 Qd7 31. Qh4 Rxd2 32. Be4 h6 0-1

[Event "Plzen, FSB A"]
[Site "?"]
[Date "2000.??.??"]
[Round "3"]
[White "Vladyka, V."]
[Black "Hampek, M."]
[Result "1/2-1/2"]
[WhiteElo "2065"]
[BlackElo "1835"]
[PlyCount "88"]
[EventDate "2000.??.??"]
[Source "ChessBase"]
[SourceDate "1996.11.15"]

1. e4 c5 2. Nf3 e6 3. d4 cxd4 4. Nxd4 a6 5. c4 Nf6 6. Bd3 Nc6 7. Nxc6 dxc6 8.
O-O e5 9. Nc3 Bc5 10. Bg5 Be6 11. Qc2 h6 12. Bh4 g5 13. Bg3 Nd7 14. Kh1 Qe7 15.
f3 f6 16. a3 h5 17. b4 Bd4 18. c5 g4 19. f4 h4 20. Bf2 Bxc3 21. Qxc3 exf4 22.
Bd4 f3 23. gxf3 g3 24. Rg1 O-O-O 25. a4 Rhg8 26. b5 Bh3 27. Bf1 Bxf1 28. Raxf1
gxh2 29. Kxh2 Ne5 30. Bxe5 Qxe5+ 31. Qxe5 fxe5 32. Rxg8 Rxg8 33. b6 Rg3 34. f4
exf4 35. Rxf4 Ra3 36. Rf8+ Kd7 37. Rf7+ Kc8 38. Rc7+ Kd8 39. Rxb7 Rxa4 40. Rc7
Rxe4 41. Rxc6 Rb4 42. Rh6 a5 43. Rh8+ Kd7 44. Rh7+ Kc8 1/2-1/2

[Event "Plzen, FSB A"]
[Site "?"]
[Date "2000.??.??"]
[Round "3"]
[White "Kracik, D."]
[Black "Drahorad, D."]
[Result "1-0"]
[WhiteElo "2045"]
[BlackElo "1815"]
[PlyCount "79"]
[EventDate "2000.??.??"]
[Source "ChessBase"]
[SourceDate "1996.11.15"]

1. e4 e6 2. b3 d5 3. Bb2 Nf6 4. exd5 Nxd5 5. Nf3 Nc6 6. a3 f6 7. c4 Nf4 8. d4
Be7 9. g3 Ng6 10. Bd3 O-O 11. O-O f5 12. d5 Bf6 13. Nc3 Nce5 14. Be2 Nxf3+ 15.
Bxf3 e5 16. Bg2 Re8 17. Qc2 e4 18. f3 e3 19. f4 Qe7 20. Rae1 Qc5 21. Ne2 Bxb2
22. Qxb2 Rb8 23. a4 Bd7 24. Qd4 Qb4 25. Qc3 Qe7 26. Nd4 c5 27. dxc6 Bxc6 28.
Bxc6 bxc6 29. Nxc6 Qc5 30. Nxb8 e2+ 31. Rf2 Re3 32. Qd2 Qb6 33. Nd7 Qxb3 34.
Rfxe2 Rd3 35. Qb2 Qxb2 36. Rxb2 Rxd7 37. Rb5 Rc7 38. Rxf5 Ne7 39. Rfe5 Nc6 40.
Rc5 1-0

[Event "Plzen, FSB A"]
[Site "?"]
[Date "2000.??.??"]
[Round "3"]
[White "Haller, M."]
[Black "Snaidr, J."]
[Result "1/2-1/2"]
[WhiteElo "1910"]
[BlackElo "2015"]
[PlyCount "132"]
[EventDate "2000.??.??"]
[Source "ChessBase"]
[SourceDate "1996.11.15"]

1. Nf3 d5 2. g3 c5 3. Bg2 Nc6 4. d3 Nf6 5. O-O g6 6. Nbd2 Bg7 7. c4 O-O 8. a3
Bg4 9. Rb1 Rc8 10. b4 cxb4 11. axb4 dxc4 12. dxc4 Bf5 13. Rb3 a5 14. Ba3 b5 15.
bxa5 bxc4 16. Rb7 Qxa5 17. Nxc4 Qa6 18. Qb3 Be6 19. Nfd2 Nd4 20. Qb6 Bxc4 21.
Qxd4 Rfd8 22. Qe3 Rxd2 23. Qxd2 Qxa3 24. Rfb1 Be6 25. h3 Qd6 26. Qa5 Nd7 27. e3
Bf6 28. h4 Kg7 29. Qb5 Rc2 30. Be4 Rc5 31. Qe2 Bd5 32. Rd1 e6 33. Bg2 Qc6 34.
Ra7 Bxg2 35. Rdxd7 Rc1+ 36. Rd1 Bh3 37. f3 Qc5 38. Rad7 Rc2 39. R7d2 Rxd2 40.
Rxd2 e5 41. Kh2 Be6 42. e4 Be7 43. Rc2 Qa3 44. Kg2 Bc5 45. Qe1 Bd4 46. Qc1 Qa4
47. h5 Qa1 48. Qxa1 Bxa1 49. hxg6 hxg6 50. Kf2 Bd4+ 51. Ke2 f5 52. exf5 gxf5
53. Kd3 Kf6 54. Rh2 Bd7 55. Kc4 Bc8 56. f4 Be6+ 57. Kd3 Bd5 58. Re2 Bb7 59. Rh2
Be4+ 60. Ke2 Ke6 61. Rh6+ Kd5 62. Rh8 exf4 63. Rd8+ Kc4 64. gxf4 Bb2 65. Rc8+
Kd4 66. Rb8 Ba3 1/2-1/2

[Event "Plzen, FSB A"]
[Site "?"]
[Date "2000.??.??"]
[Round "3"]
[White "Foglar, S."]
[Black "Vymetal, M."]
[Result "1/2-1/2"]
[WhiteElo "2005"]
[BlackElo "1810"]
[PlyCount "146"]
[EventDate "2000.??.??"]
[Source "ChessBase"]
[SourceDate "1996.11.15"]

1. e4 e6 2. d4 d5 3. Nd2 Nf6 4. e5 Nfd7 5. Ne2 c5 6. f4 b6 7. Nf3 Ba6 8. Ng3
Bxf1 9. Rxf1 Nc6 10. c3 cxd4 11. Nxd4 Nxd4 12. cxd4 g6 13. Bd2 Rc8 14. Rc1 Rxc1
15. Qxc1 Nb8 16. Rf3 Be7 17. Rc3 O-O 18. Rc7 a6 19. Rb7 f6 20. Qc7 Qxc7 21.
Rxc7 Bd8 22. Rc8 Be7 23. Rc2 fxe5 24. dxe5 a5 25. Ne2 Bc5 26. a3 Nc6 27. g3 Kf7
28. Kf1 Rc8 29. b4 axb4 30. axb4 Bf8 31. b5 Na7 32. Rxc8 Nxc8 33. Be3 Bc5 34.
Bd4 Ke7 35. Kf2 Kd7 36. Ke3 Bb4 37. Kd3 Na7 38. Bxb6 Nxb5 39. g4 Be7 40. Bf2
Nc7 41. Bb6 Nb5 42. h3 Bf8 43. Ng1 Bh6 44. Be3 Bf8 45. Nf3 Be7 46. Bf2 Ba3 47.
Ng5 h6 48. Nf3 Be7 49. Be3 h5 50. Bf2 hxg4 51. hxg4 Nc7 52. Bh4 Ba3 53. Bg5 Ke8
54. Nh4 Kf7 55. Bd8 Nb5 56. Nf3 Ke8 57. Bb6 Be7 58. Bf2 Nc7 59. Bh4 Ba3 60. Bg5
Bb4 61. Nh4 Kf7 62. Ng2 Bc5 63. Bd8 Nb5 64. Ba5 Be7 65. Ne3 Bc5 66. Nc2 Be7 67.
Bb4 Bh4 68. Bc5 Bg3 69. Ke3 g5 70. f5 exf5 71. gxf5 Bxe5 72. Nb4 Bf4+ 73. Kd3
d4 1/2-1/2

[Event "Plzen, FSB A"]
[Site "?"]
[Date "2000.??.??"]
[Round "3"]
[White "Laznicka, V."]
[Black "Kamenik, M."]
[Result "1-0"]
[WhiteElo "1800"]
[BlackElo "2005"]
[PlyCount "68"]
[EventDate "2000.??.??"]
[Source "ChessBase"]
[SourceDate "1996.11.15"]

1. e4 c5 2. Nf3 Nc6 3. d4 cxd4 4. Nxd4 e5 5. Nb5 a6 6. N5c3 Nf6 7. Bg5 Bc5 8.
g3 Qb6 9. Bc4 Bxf2+ 10. Kf1 d5 11. Kg2 Bg4 12. Qd2 dxc4 13. Bxf6 Bd4 14. Nd5
Qxb2 15. Bxg7 O-O-O 16. Bxh8 Rxh8 17. Nbc3 Nb4 18. Rab1 Qxc2 19. Qxc2 Nxc2 20.
Nb6+ Kb8 21. Ncd5 f5 22. Nd7+ Ka7 23. N7f6 Na3 24. Rbc1 Be2 25. exf5 Bd3 26. g4
Rd8 27. Nc3 Nc2 28. Nfe4 b5 29. Kf3 Nb4 30. f6 Rf8 31. g5 Nc6 32. a3 Nd8 33.
Nf2 Bg6 34. a4 Ne6 $138 1-0

[Event "Plzen, FSB A"]
[Site "?"]
[Date "2000.??.??"]
[Round "3"]
[White "Gritsch, C."]
[Black "Barton, O."]
[Result "1/2-1/2"]
[WhiteElo "2155"]
[BlackElo "1940"]
[PlyCount "38"]
[EventDate "2000.??.??"]
[Source "ChessBase"]
[SourceDate "1996.11.15"]

1. e4 d5 2. exd5 Nf6 3. Bb5+ Bd7 4. Bc4 Bg4 5. f3 Bh5 6. Nc3 Nbd7 7. Nge2 a6 8.
d3 b5 9. Bb3 Nc5 10. Bf4 Nxb3 11. axb3 b4 12. Ne4 Nxd5 13. O-O e5 14. Bd2 Be7
15. N4g3 Bg6 16. f4 exf4 17. Nxf4 Nxf4 18. Bxf4 O-O 19. Kh1 Bf6 1/2-1/2

[Event "Plzen, FSB A"]
[Site "?"]
[Date "2000.??.??"]
[Round "3"]
[White "Grosse_Honebrink, B."]
[Black "Ungr, D."]
[Result "0-1"]
[WhiteElo "2005"]
[BlackElo "2155"]
[PlyCount "38"]
[EventDate "2000.??.??"]
[Source "ChessBase"]
[SourceDate "1996.11.15"]

1. d4 Nf6 2. Nf3 g6 3. Bf4 Bg7 4. e3 O-O 5. h3 c5 6. c3 Qb6 7. Qb3 Qxb3 8. axb3
d6 9. dxc5 dxc5 10. Bxb8 Rxb8 11. Rxa7 Bf5 12. Nbd2 Ra8 13. Ra3 Ne4 14. Nc4 b5
15. Nce5 Rxa3 16. bxa3 Nxc3 17. Bd3 Rd8 18. Kd2 Bxd3 19. Kxc3 Be4 0-1

[Event "Plzen, FSB A"]
[Site "?"]
[Date "2000.??.??"]
[Round "3"]
[White "Ceplecha, T."]
[Black "Jenicek, J."]
[Result "1/2-1/2"]
[WhiteElo "2005"]
[BlackElo "2135"]
[PlyCount "78"]
[EventDate "2000.??.??"]
[Source "ChessBase"]
[SourceDate "1996.11.15"]

1. c4 c5 2. Nc3 Nf6 3. g3 d5 4. cxd5 Nxd5 5. Bg2 Nc7 6. d3 e5 7. Nf3 Nc6 8. O-O
Be7 9. b3 f6 10. Bb2 Bd7 11. Rc1 Rc8 12. Ne1 O-O 13. Nc2 Ne6 14. Ne3 b6 15. Nf5
Ncd4 16. Nxe7+ Qxe7 17. e3 Nc6 18. Re1 Qd6 19. Ne4 Qb8 20. a3 a5 21. Qc2 Rfd8
22. Red1 Ne7 23. Nc3 Bc6 24. Bxc6 Nxc6 25. Nb5 Qb7 26. Qc4 Qf7 27. Kg2 Nc7 28.
Nxc7 Rxc7 29. Qxf7+ Kxf7 30. Kf1 Rcd7 31. Ke2 Ke6 32. Bc3 h5 33. Rb1 Ra8 34. a4
Nb4 35. Bxb4 axb4 36. Rbc1 Rad8 37. Ra1 Ra8 38. Rac1 Rad8 39. Ra1 Ra8 1/2-1/2

[Event "Plzen, FSB A"]
[Site "?"]
[Date "2000.??.??"]
[Round "3"]
[White "Kovar, V."]
[Black "Pfiender, H."]
[Result "1-0"]
[WhiteElo "2105"]
[BlackElo "1905"]
[PlyCount "43"]
[EventDate "2000.??.??"]
[Source "ChessBase"]
[SourceDate "1996.11.15"]

1. e4 Nc6 2. Nf3 f5 3. exf5 d5 4. Nh4 e5 5. Qh5+ g6 6. fxg6 Nf6 7. g7+ Nxh5 8.
gxh8=Q Qxh4 9. d3 Bf5 10. Qg8 O-O-O 11. Qg5 Bb4+ 12. c3 Qxg5 13. Bxg5 Rg8 14.
Bh4 Bd6 15. g3 d4 16. Nd2 Ne7 17. Bxe7 Bxe7 18. Ne4 Bxe4 19. dxe4 dxc3 20. bxc3
Nf6 21. Bh3+ Kb8 22. Bf5 1-0

[Event "Plzen, FSB A"]
[Site "?"]
[Date "2000.??.??"]
[Round "3"]
[White "Bugbee, B."]
[Black "Geiger, L."]
[Result "1/2-1/2"]
[WhiteElo "2095"]
[BlackElo "1900"]
[PlyCount "25"]
[EventDate "2000.??.??"]
[Source "ChessBase"]
[SourceDate "1996.11.15"]

1. c4 c6 2. e4 d5 3. exd5 cxd5 4. d4 Nf6 5. Nc3 dxc4 6. Bxc4 e6 7. Nf3 Nbd7 8.
O-O Be7 9. Qe2 O-O 10. Rd1 Nb6 11. Bd3 Nbd5 12. Ne4 b6 13. Ne5 1/2-1/2

[Event "Plzen, FSB A"]
[Site "?"]
[Date "2000.??.??"]
[Round "3"]
[White "Kalista, K."]
[Black "Pokrupa, M."]
[Result "0-1"]
[WhiteElo "1860"]
[BlackElo "2085"]
[PlyCount "62"]
[EventDate "2000.??.??"]
[Source "ChessBase"]
[SourceDate "1996.11.15"]

1. d4 Nf6 2. Bg5 Ne4 3. Bh4 g5 4. Bg3 Nxg3 5. hxg3 c5 6. c3 Qb6 7. Qd2 cxd4 8.
cxd4 Nc6 9. e3 Bg7 10. Nc3 d5 11. Nxd5 Qd8 12. Bd3 e5 13. Rxh7 Rxh7 14. Bxh7
exd4 15. e4 Be6 16. O-O-O a5 17. Re1 Nb4 18. Kb1 Kf8 19. Nf3 d3 20. Nxg5 Bxd5
21. exd5 Nc2 22. Re4 Na3+ 23. Kc1 Rc8+ 24. Kd1 Nc4 25. Qf4 Nxb2+ 26. Ke1 Bc3+
27. Kf1 Qf6 28. Qxf6 Bxf6 29. Nf3 Rc2 30. Re3 Rc1+ 31. Re1 Rxe1+ 0-1

[Event "Plzen, FSB A"]
[Site "?"]
[Date "2000.??.??"]
[Round "3"]
[White "Marous, R."]
[Black "Decka, E."]
[Result "0-1"]
[WhiteElo "1815"]
[BlackElo "2065"]
[PlyCount "62"]
[EventDate "2000.??.??"]
[Source "ChessBase"]
[SourceDate "1996.11.15"]

1. e4 c5 2. Ne2 e6 3. g3 Nc6 4. Bg2 Nge7 5. O-O d5 6. exd5 Nxd5 7. Nbc3 Be7 8.
Nxd5 exd5 9. d4 Bg4 10. dxc5 O-O 11. Re1 Bxc5 12. Be3 d4 13. Bf4 Qb6 14. Qd2
Rad8 15. a3 d3 16. Nc3 dxc2 17. Qxc2 Nd4 18. Qe4 Bf5 19. Qxb7 Nc2 20. Qxb6 Bxb6
21. Nd5 Nxe1 22. Rxe1 Be6 23. Nxb6 axb6 24. a4 Rd4 25. b4 Rfd8 26. Bc7 Rd1 27.
Rf1 R8d7 28. Bxb6 Bc4 29. a5 Rxf1+ 30. Bxf1 Rd1 31. a6 Rxf1+ 0-1

[Event "Plzen, FSB A"]
[Site "?"]
[Date "2000.??.??"]
[Round "3"]
[White "Kovarik, J."]
[Black "Janke, G."]
[Result "1/2-1/2"]
[WhiteElo "2010"]
[BlackElo "1820"]
[PlyCount "36"]
[EventDate "2000.??.??"]
[Source "ChessBase"]
[SourceDate "1996.11.15"]

1. e4 e6 2. d4 d5 3. e5 c5 4. c3 Nc6 5. Nf3 Qb6 6. Be2 cxd4 7. cxd4 Nh6 8. Nc3
Nf5 9. Na4 Bb4+ 10. Kf1 Qd8 11. a3 Be7 12. b4 b6 13. Bb5 Bb7 14. g4 Nh4 15.
Nxh4 Bxh4 16. Nc3 Rc8 17. Qa4 O-O 18. Ne2 f6 1/2-1/2

[Event "Plzen, FSB A"]
[Site "?"]
[Date "2000.??.??"]
[Round "4"]
[White "Konopka, M."]
[Black "Namyslo, H."]
[Result "1-0"]
[WhiteElo "2450"]
[BlackElo "2325"]
[PlyCount "115"]
[EventDate "2000.??.??"]
[Source "ChessBase"]
[SourceDate "1996.11.15"]

1. Nf3 d5 2. d4 Nf6 3. c4 e6 4. g3 Be7 5. Bg2 O-O 6. O-O dxc4 7. Qc2 a6 8. Qxc4
b5 9. Qc2 Bb7 10. Bg5 Nbd7 11. Bxf6 Nxf6 12. Nbd2 Ra7 13. Rac1 Qa8 14. Rfd1 Rc8
15. Nb3 Be4 16. Qd2 Bd5 17. Ne1 Bxg2 18. Nxg2 Ne4 19. Qd3 c5 20. f3 c4 21. Qxe4
cxb3 22. Qxa8 Rcxa8 23. axb3 Rd7 24. e3 Rad8 25. f4 f6 26. Ne1 e5 27. Nf3 exd4
28. Rxd4 Kf7 29. Kf2 Ra7 30. Ke2 a5 31. Rxd8 Bxd8 32. Nd4 b4 33. Nc6 Ra8 34.
Rd1 Bb6 35. Rd7+ Kf8 36. Rb7 Bd8 37. Nb8 Be7 38. Kd3 a4 39. bxa4 Rxa4 40. Nc6
Bc5 41. Rb5 Bd6 42. Ra5 Rxa5 43. Nxa5 Ke8 44. Kc4 Kd7 45. Nb7 Be7 46. Nc5+ Kc6
47. Nd3 b3 48. e4 Bd8 49. Nc1 Bb6 50. Nxb3 Bg1 51. Nd4+ Kd7 52. Nf3 Be3 53. Kd5
g5 54. fxg5 fxg5 55. g4 Ke7 56. e5 h5 57. gxh5 g4 58. Nd4 1-0

[Event "Plzen, FSB A"]
[Site "?"]
[Date "2000.??.??"]
[Round "4"]
[White "Menacher, M."]
[Black "Vavra, P."]
[Result "0-1"]
[WhiteElo "2315"]
[BlackElo "2390"]
[PlyCount "84"]
[EventDate "2000.??.??"]
[Source "ChessBase"]
[SourceDate "1996.11.15"]

1. e4 c5 2. Nf3 Nc6 3. Bb5 g6 4. Bxc6 bxc6 5. O-O Bg7 6. Re1 Rb8 7. c3 e5 8. d4
cxd4 9. cxd4 exd4 10. Nxd4 Ne7 11. Nc3 O-O 12. Nb3 d5 13. Be3 Rb7 14. Bc5 Be6
15. e5 Re8 16. Qd4 g5 17. Qa4 Bd7 18. Qa3 Ng6 19. Na5 Rb8 20. Bd6 Ra8 21. Qc5
Bxe5 22. Bxe5 Nxe5 23. Qd6 Re6 24. Qa3 Qb6 25. b4 Nd3 26. Rf1 Qxb4 27. Qxb4
Nxb4 28. Na4 Re2 29. Nc5 Bf5 30. a3 Nc2 31. Rac1 d4 32. Rfd1 Rae8 33. h3 R8e5
34. Nxc6 Rxc5 35. Nxd4 Ree5 36. Nf3 Red5 37. Nxg5 Rxd1+ 38. Rxd1 Nxa3 39. Ra1
Rc3 40. Nf3 a5 41. Nd4 Bd3 42. Nc6 Nc2 0-1

[Event "Plzen, FSB A"]
[Site "?"]
[Date "2000.??.??"]
[Round "4"]
[White "Jirka, J."]
[Black "Gross, S."]
[Result "0-1"]
[WhiteElo "2300"]
[BlackElo "2355"]
[PlyCount "66"]
[EventDate "2000.??.??"]
[Source "ChessBase"]
[SourceDate "1996.11.15"]

1. d4 g6 2. g3 Bg7 3. Bg2 c5 4. d5 d6 5. Nf3 Nf6 6. O-O O-O 7. a4 Na6 8. Re1
Bf5 9. Nfd2 Qd7 10. e4 Bh3 11. Nc3 Bxg2 12. Kxg2 e6 13. Nc4 exd5 14. exd5 Rae8
15. Rxe8 Rxe8 16. Nb5 Nb4 17. Nxa7 Nbxd5 18. Nb5 Qc6 19. Kg1 Re6 20. Bg5 Nb6
21. Nbxd6 Bf8 22. Bxf6 Rxf6 23. a5 Nd7 24. Nxb7 Qxb7 25. b3 Nb8 26. Qd2 h5 27.
Re1 Nc6 28. Re8 Kg7 29. a6 Qxa6 30. Qg5 Nd4 31. Nd2 Ne2+ 32. Kg2 Qc6+ 33. f3
Qxe8 0-1

[Event "Plzen, FSB A"]
[Site "?"]
[Date "2000.??.??"]
[Round "4"]
[White "Cernousek, L."]
[Black "Neuman, P."]
[Result "1/2-1/2"]
[WhiteElo "2255"]
[BlackElo "2330"]
[PlyCount "42"]
[EventDate "2000.??.??"]
[Source "ChessBase"]
[SourceDate "1996.11.15"]

1. e4 d6 2. d4 Nf6 3. Nc3 e5 4. dxe5 dxe5 5. Qxd8+ Kxd8 6. Nf3 Bd6 7. Bc4 Be6
8. Bb3 h6 9. h3 a6 10. Be3 Nbd7 11. O-O-O b5 12. Nd2 Ke7 13. Ne2 Bc5 14. Bxe6
fxe6 15. Bxc5+ Nxc5 16. f3 g5 17. Nb3 Nxb3+ 18. axb3 Rad8 19. Rxd8 Rxd8 20. b4
Nh5 21. c3 Nf4 1/2-1/2

[Event "Plzen, FSB A"]
[Site "?"]
[Date "2000.??.??"]
[Round "4"]
[White "Vokac, M."]
[Black "Freisler, P."]
[Result "1-0"]
[WhiteElo "2520"]
[BlackElo "2360"]
[PlyCount "63"]
[EventDate "2000.??.??"]
[Source "ChessBase"]
[SourceDate "1996.11.15"]

1. d4 Nf6 2. Nf3 d6 3. Nbd2 g6 4. e4 Bg7 5. h3 O-O 6. Bd3 Nc6 7. O-O e5 8. c3
Nh5 9. dxe5 Nxe5 10. Nxe5 dxe5 11. Nf3 Nf4 12. Bxf4 exf4 13. Bc4 Qe7 14. Qb3
Rb8 15. a4 a6 16. Rfe1 b5 17. axb5 axb5 18. Bd5 Rb6 19. Ra7 g5 20. e5 h5 21.
Qb4 Qd7 22. Qc5 g4 23. Rxc7 Qf5 24. Qxb6 gxf3 25. Bxf3 Be6 26. Qxb5 Rd8 27. Rb7
Bf8 28. Rb8 Rxb8 29. Qxb8 Kg7 30. Rd1 Be7 31. Ra1 Bh4 32. Ra8 1-0

[Event "Plzen, FSB A"]
[Site "?"]
[Date "2000.??.??"]
[Round "4"]
[White "Kolago, M."]
[Black "Votava, J."]
[Result "1/2-1/2"]
[WhiteElo "2270"]
[BlackElo "2505"]
[PlyCount "64"]
[EventDate "2000.??.??"]
[Source "ChessBase"]
[SourceDate "1996.11.15"]

1. e4 c5 2. c3 d5 3. exd5 Qxd5 4. d4 Nf6 5. Nf3 e6 6. Be2 Be7 7. Na3 O-O 8. O-O
Qd8 9. Nc4 Nc6 10. dxc5 Bxc5 11. Qxd8 Rxd8 12. Be3 Be7 13. Rad1 Nd5 14. Bc1 f6
15. Ne3 Nc7 16. Rxd8+ Nxd8 17. Nd4 Bd7 18. Rd1 Be8 19. Bf3 Rb8 20. Nc4 g5 21.
Nb3 Kf8 22. h3 b6 23. Be3 e5 24. Be4 Bg6 25. Bxg6 hxg6 26. f3 Nde6 27. Rd2 Rc8
28. Nd6 Rd8 29. Ne4 Nd5 30. Bf2 f5 31. Ng3 Ndf4 32. Rxd8+ Bxd8 1/2-1/2

[Event "Plzen, FSB A"]
[Site "?"]
[Date "2000.??.??"]
[Round "4"]
[White "Nosek, F."]
[Black "Cvek, R."]
[Result "1/2-1/2"]
[WhiteElo "2125"]
[BlackElo "2405"]
[PlyCount "65"]
[EventDate "2000.??.??"]
[Source "ChessBase"]
[SourceDate "1996.11.15"]

1. e4 c5 2. Nf3 Nc6 3. d4 cxd4 4. Nxd4 Nf6 5. Nc3 d6 6. Be2 e5 7. Nb3 Be7 8.
O-O O-O 9. Be3 a5 10. a4 Be6 11. Nd2 d5 12. exd5 Nxd5 13. Nxd5 Bxd5 14. Nc4 Be6
15. Qxd8 Rfxd8 16. c3 Nd4 17. cxd4 exd4 18. Rfd1 dxe3 19. Nxe3 Rxd1+ 20. Rxd1
Rc8 21. g3 Kf8 22. Bb5 Bg5 23. f4 Be7 24. Kf2 Bc5 25. Ke2 Bxe3 26. Kxe3 Ke7 27.
Rd4 Rc2 28. Rd2 Rc1 29. Ke4 g6 30. Ke3 Bg4 31. Kd4 h5 32. Bc4 h4 33. gxh4
1/2-1/2

[Event "Plzen, FSB A"]
[Site "?"]
[Date "2000.??.??"]
[Round "4"]
[White "Lechtynsky, J."]
[Black "Vanek, T."]
[Result "1-0"]
[WhiteElo "2405"]
[BlackElo "2030"]
[PlyCount "43"]
[EventDate "2000.??.??"]
[Source "ChessBase"]
[SourceDate "1996.11.15"]

1. Nf3 d5 2. d4 Nf6 3. c4 e6 4. Qc2 Be7 5. Bg5 O-O 6. e3 c5 7. dxc5 Qa5+ 8. Nc3
Nc6 9. a3 h6 10. Bh4 dxc4 11. Bxc4 Qxc5 12. Bd3 a5 13. Rc1 e5 14. O-O Be6 15.
Qb1 Nd5 16. Nxd5 Qxd5 17. Rfd1 Qa2 18. Qxa2 Bxa2 19. Bxe7 Rfe8 20. Bd6 e4 21.
Be2 exf3 22. Bxf3 1-0

[Event "Plzen, FSB A"]
[Site "?"]
[Date "2000.??.??"]
[Round "4"]
[White "Zvara, P."]
[Black "Fiala, R."]
[Result "0-1"]
[WhiteElo "2360"]
[BlackElo "2235"]
[PlyCount "84"]
[EventDate "2000.??.??"]
[Source "ChessBase"]
[SourceDate "1996.11.15"]

1. e4 c5 2. Nf3 Nc6 3. d4 cxd4 4. Nxd4 g6 5. Nc3 Bg7 6. Be3 Nf6 7. Be2 O-O 8.
Nb3 a5 9. a4 d6 10. O-O Be6 11. f4 Qc8 12. Kh1 Nb4 13. Nd4 Bc4 14. Bd3 d5 15.
e5 Ne4 16. Ra3 f6 17. exf6 Bxf6 18. Qe2 Nd6 19. Ncb5 Nxb5 20. axb5 Bxd3 21.
cxd3 Qd7 22. f5 Bh8 23. Ne6 Rxf5 24. Rxf5 gxf5 25. Bc5 Qxb5 26. Bxb4 Qxb4 27.
d4 Bf6 28. h3 Rc8 29. Nc5 Kh8 30. Ra4 Qb6 31. Nd7 Rc1+ 32. Kh2 Qc7+ 33. Ne5 Rc2
34. Qe3 Rxb2 35. Qg3 Bxe5 36. dxe5 Rb4 37. Ra3 Re4 38. Rc3 Rc4 39. Rf3 e6 40.
Qg5 Qxe5+ 41. Rg3 Rc8 42. h4 Rf8 0-1